000
00193 a2200097 4500
020
_a
9780394839127
041
_a
eng
100
_a
Dr Seuss
245
_a
I can Read with My Eyes shut
942
_c
K
999
_c
31230
_d
31228